<?xml version="1.0" encoding="UTF-8"?>
<record
    xmlns:xsi="http://www.w3.org/2001/XMLSchema-instance"
    xsi:schemaLocation="http://www.loc.gov/MARC21/slim http://www.loc.gov/standards/marcxml/schema/MARC21slim.xsd"
    xmlns="http://www.loc.gov/MARC21/slim">

  <leader>01065nas a22002297i 4500</leader>
  <controlfield tag="001">5737</controlfield>
  <controlfield tag="003">OSt</controlfield>
  <controlfield tag="005">20170126082349.0</controlfield>
  <controlfield tag="007">tu</controlfield>
  <controlfield tag="008">161220s        xxu||||| |||| 00| 0     d</controlfield>
  <datafield tag="022" ind1=" " ind2=" ">
    <subfield code="a">0939-3625</subfield>
  </datafield>
  <datafield tag="024" ind1="7" ind2=" ">
    <subfield code="a">5737</subfield>
    <subfield code="2">RID</subfield>
  </datafield>
  <datafield tag="024" ind1="7" ind2=" ">
    <subfield code="a">5737</subfield>
    <subfield code="2">RSN (alt)</subfield>
  </datafield>
  <datafield tag="040" ind1=" " ind2=" ">
    <subfield code="c">OSt</subfield>
  </datafield>
  <datafield tag="100" ind1="1" ind2=" ">
    <subfield code="a">Frensch, Richard</subfield>
    <subfield code="e">Ed.</subfield>
  </datafield>
  <datafield tag="245" ind1="0" ind2="0">
    <subfield code="a">Economic Systems</subfield>
  </datafield>
  <datafield tag="260" ind1=" " ind2=" ">
    <subfield code="a">Amsterdam :</subfield>
    <subfield code="b">Elsevier.</subfield>
  </datafield>
  <datafield tag="700" ind1="1" ind2=" ">
    <subfield code="a">Ickes, Barry W.</subfield>
    <subfield code="e">Ed.</subfield>
  </datafield>
  <datafield tag="700" ind1="1" ind2=" ">
    <subfield code="a">Wagener, H.-J.</subfield>
    <subfield code="e">Ed.</subfield>
  </datafield>
  <datafield tag="866" ind1=" " ind2="0">
    <subfield code="u">unvollst&#xE4;ndige Best&#xE4;nde ab 1998</subfield>
  </datafield>
  <datafield tag="866" ind1=" " ind2="0">
    <subfield code="u">fr&#xFC;her: Jahrbuch der Wirtschaft Osteuropas&lt;br&gt;&lt;br&gt;unvollst&#xE4;niger Bestand&lt;br&gt;&lt;br&gt;vorhanden:&lt;br&gt;1998 22/1 pp. 1-104&lt;br&gt;             2 pp. 105-216&lt;br&gt;             3 pp. 217-336&lt;br&gt;             4 pp. 337-414&lt;br&gt;1999 23/1 pp. 1-114&lt;br&gt;             2 pp. 115-198&lt;br&gt;             3 pp. 199-290&lt;br&gt;             4 pp. 291-400&lt;br&gt;2000 24/1 pp. 1-112             2 pp. 113-222&lt;br&gt;             3 pp. 223-320&lt;br&gt;             4 pp. 321-418&lt;br&gt;2001 25/1 pp. 1-48&lt;br&gt;             2 pp. 58-174&lt;br&gt;             4 pp. 287-420&lt;br&gt;&lt;br&gt;fehlend:&lt;br&gt;2001 25/3</subfield>
  </datafield>
  <datafield tag="942" ind1=" " ind2=" ">
    <subfield code="c">J</subfield>
  </datafield>
  <datafield tag="999" ind1=" " ind2=" ">
    <subfield code="c">5487</subfield>
    <subfield code="d">5487</subfield>
  </datafield>
  <datafield tag="952" ind1=" " ind2=" ">
    <subfield code="0">0</subfield>
    <subfield code="1">0</subfield>
    <subfield code="4">0</subfield>
    <subfield code="7">0</subfield>
    <subfield code="a">BIB</subfield>
    <subfield code="b">BIB</subfield>
    <subfield code="c">1</subfield>
    <subfield code="d">2004-08-04</subfield>
    <subfield code="i">5737</subfield>
    <subfield code="l">0</subfield>
    <subfield code="p">10000985</subfield>
    <subfield code="r">2017-01-26 00:00:00</subfield>
    <subfield code="w">2017-01-26</subfield>
    <subfield code="y">J</subfield>
  </datafield>
</record>
